000 02335nam a2200241 a 4500
005 20260430104951.0
007 cr |||aaaaaaa|
008 260430s2023 mx|d||||o ||| 000 0 spa d
020 _a9786078951055
040 _aMX-MxUPN
_bspa
_eaacr2
041 0 _aspa
245 1 0 _aSociedad, gobierno y educación en tiempos de pandemia :
_bretos, satisfacción y calidad de vida
_h[recurso electrónico en línea]
250 _aPrimera edición
260 _aCuernavaca, Morelos, México :
_bUniversidad Autónoma del Estado de Morelos,
_c2023.
300 _a1 recurso en línea (378 páginas) :
_bgráficas, PDF
505 _tEl proceso educativo y el conocimiento de lo social en tiempos de pandemia /
_rMiguel Guerrero Olvera.--
_tLa investigación en estudios culturales en la pandemia: desplazamientos y conectividades virtuales /
_rKarla Jeanette Chacón Reynosa y Juan Pablo Zebadúa Carbonell.--
_tEl derecho a la conexión. El caso de estudiantes de la Universidad Intercultural del Estado de Puebla /
_rMaría del Pilar Hernández Limonchi y Belinda Rodríguez Arrocha.--
_tAprendizaje autónomo y desigualdad en jóvenes bachilleres en educación a distancia /
_rBertha María Alcántara Sánchez.--
_tEducación especial: respuestas y aprendizajes docentes en época de la COVID-19 /
_rLeticia Pons Bonals y Luis Alan Acuña Gamboa.--
_tSatisfacción estudiantil en el aprendizaje remoto de emergencia en la educación superiors /
_rCarmen Leticia Borrayo Rodríguez y Diana Lizette Becerra Peña.--
_tEnseñanzas y aprendizajes derivados de la pandemia de la COVID-19 /
_rCésar Darío Fonseca Bautista.--
_tRegreso a la presencialidad en la educación superior: un reto pospandémico /
_rDení Stincer Gómez y Elizabeth Aveleyra Ojeda.--
_tFake news y pandemia. El caso de Chiapas, México /
_rRosana Santiago García y Gabriela Grajales García.--
_tComercio electrónico y empresas en México en el contexto de la COVID-19: durante 2019-2020 /
_rAlejandro García Garnica.--
_tLa profesionalización de la policía en Morelos en los tiempos de la COVID-19 /
_rHéctor Gómez Peralta y Alan Antonio Almeralla Barreto.
506 0 _aAcceso abierto
700 1 _aIbarra Uribe, Luz Marina
_959453
700 1 _aGuerrero Olvera, Miguel
_940353
856 4 0 _uMiguel Guerrero Olvera
902 _aJohanaAllegre/300426
942 _2lcc
_cLIBRO-E
999 _c215046
_d215046